| 000 | 00631nam a2200241Ia 4500 | ||
|---|---|---|---|
| 001 | 34411 | ||
| 005 | 20240114001729.0 | ||
| 007 | ta | ||
| 008 | 070220s1963 g b000 u 346 u | ||
| 040 | _aCotton College,Assam | ||
| 041 | _a346 | ||
| 082 |
_a922 _bN 642 M |
||
| 100 | _aMuktipran, Prabrajika . | ||
| 245 | 0 |
_aBhagni Nivedita / _cPrabrajika Muktipran. _hTextual Documents |
|
| 250 | _a1st ed. / | ||
| 260 |
_aCalcutta : _bPrabrajika Sradhapran , _c1963. |
||
| 300 |
_a487p. ; _c22cm. |
||
| 653 | _aBiography-Women | ||
| 653 | _aG-Biography | ||
| 942 |
_2ddc _cBK |
||
| 999 |
_c34393 _d34393 |
||